000 02407nam a2200445 c 4500
003 BLK
005 20240808104825.0
008 180408b bul|||||r ||||||| ||bul||
010 _aKNG00084984000
020 _a978-954-787-017-8
_bиздат.: Мириам - на том(т. 2)
020 _a954-787-017-3
_bиздат.: Мириам - на том(т. 2)
040 _aBLK
041 _aBUL
_cBUL
080 _aОрганизации, асоциации, движения със специални цели и/или области на дейност. Професионални асоциации(Ку-клукс-клан, масони, окултни движения, орден на тамплиерите).
_b061.23
_x(100)(091)
_z061.23(100)(091)
100 1 _aХекеторн, Чарлз Уилям
_eпърви автор
_9136695
700 1 _aИванов, Явор
_eпрев. от англ.
_9368106
139 _aХекеторн, Чарлз Уилям
_bХ 39
245 1 0 _aТайните общества на всички времена и народи
_bТ. 1 -
_cЧарлз Уилям Хекеторн; прев. от англ. Явор Иванов.
_nТ. 2
_pОт Светата инквизиция до тайните общества на илюминатите
257 _aGBR
260 София
_c2006 -
_fСофия : Алианс принт
300 _c23 см
380 _a0
490 1 _aБиблиотека Философският камък
500 _aОриг. загл. Secret Societies of All Ages and Countries / Charles William Heckethorn. - Офс. изд.
590 _aф
650 4 _aТайни общества
_9251393
653 _aтайни общества
653 _aинквизиция
653 _aйезуити
653 _aмафия
653 _aилюминати
653 _aИнтернационал
760 1 _3- на том(т. 2)
_aХекеторн, Чарлз Уилям
_dМириам, 2006
_h424 с. : с ил.
_nСъдържа и Кратък енцикл. речник
_tТ. 2 От Светата инквизиция до тайните общества на илюминатите
852 _aЦб 230139
856 4 _qpdf
_u
856 4 _qpdf
_u
942 _cKNG
_n0
_03
944 _aCR
_c21.08.2008
_lМинев Младен
_k30530
944 _aED
_c04.12.2008
_lф /
_k
999 _c80498
_d80498